000 00232nam a2200097Ia 4500
001 853754
005 20250826174539.0
008 250824s9999 xx 000 0 und d
245 0 _aSÖZ
_cKAHRAMAN TAZEOĞLU
260 _bDESTEK YAYINLARI
999 _c853754
_d853754